Southville International School and Colleges
Your cart is empty.
  • Cart
  • Lists
    Public lists Eva Luna New books Lux_list list_1
    Your lists Log in to create your own lists
  • Log in to your account
  • Your cookies
  • Search history
Southville International School and Colleges
  • Advanced search
  • Recent comments
  • Most popular
  • Libraries

Log in to your account

Log in with GOOGLE


If you do not have an external account, but do have a local account, you can still log in:

  1. Home
  2. MARC view: A Treasury of Teddy tales.
Normal view MARC view ISBD view

A Treasury of Teddy tales. (Record no. 115090)

[ view plain ]
MARC details
000 -LEADER
fixed length control field 00502nam a2200169 a 4500
005 - DATE AND TIME OF LATEST TRANSACTION
control field 20140414132122.0
008 - FIXED-LENGTH DATA ELEMENTS--GENERAL INFORMATION
fixed length control field 121010s19uu xx 00 eng d
050 ## - LIBRARY OF CONGRESS CALL NUMBER
Classification number M 688.7
Item number M479 1997
100 ## - MAIN ENTRY--PERSONAL NAME
Personal name McKie, Anne
245 ## - TITLE STATEMENT
Title A Treasury of Teddy tales.
260 ## - PUBLICATION, DISTRIBUTION, ETC. (IMPRINT)
Place of publication, distribution, etc London :
Name of publisher, distributor, etc Grandreams Limited,
Date of publication, distribution, etc 1997.
300 ## - PHYSICAL DESCRIPTION
Extent 98
500 ## - GENERAL NOTE
General note Teddy on Safari. Teddy and the robot. Teddy and the fire brigade.
650 ## - SUBJECT ADDED ENTRY--TOPICAL TERM
Topical term or geographic name as entry element Stories-tales-fiction.
700 ## - ADDED ENTRY--PERSONAL NAME
Personal name Ken McKie (illustrator)
Holdings
Withdrawn status Lost status Damaged status Home library Current library Shelving location Date acquired Source of acquisition Total Checkouts Full call number Barcode Date last seen Price effective from Koha item type
      Munich Library Munich Library Main Section 10/10/2012     M 688.7 M479 1997 M7088 04/14/2014 04/14/2014 Books

A Treasury of Teddy tales.

APA

McKie A., Ken McKie (illustrator), . (1997). A Treasury of Teddy tales. London: Grandreams Limited.

Chicago

McKie Anne, Ken McKie (illustrator), . 1997. A Treasury of Teddy tales. London: Grandreams Limited.

Harvard

McKie A., Ken McKie (illustrator), . (1997). A Treasury of Teddy tales. London: Grandreams Limited.

MLA

McKie Anne, Ken McKie (illustrator), . A Treasury of Teddy tales. London: Grandreams Limited. 1997.

  • Place hold
  • Print
  • Cite
  • Add to your cart (remove)
  • Save record
    BIBTEX Dublin Core MARCXML MARC (non-Unicode/MARC-8) MARC (Unicode/UTF-8) MARC (Unicode/UTF-8, Standard) MODS (XML) RIS
  • More searches
    Search for this title in:
    Other Libraries (WorldCat) Other Databases (Google Scholar) Online Stores (Bookfinder.com) Open Library (openlibrary.org)

Exporting to Dublin Core...

SOUTHVILLE LIBRARY

Southville International School and Colleges Library

1281 Tropical Ave. Cor. Luxembourg St., BF Homes International, Las Pinas City

Tel. No. 8256374 / 252358 Loc. 117/146

Powered by Koha